<?xml version="1.0" encoding="UTF-8"?>
<record
    xmlns:xsi="http://www.w3.org/2001/XMLSchema-instance"
    xsi:schemaLocation="http://www.loc.gov/MARC21/slim http://www.loc.gov/standards/marcxml/schema/MARC21slim.xsd"
    xmlns="http://www.loc.gov/MARC21/slim">

  <leader>00955nam a2200217 a 4500</leader>
  <controlfield tag="008">180524e2008    ag ||||g |||| 00| p spa d</controlfield>
  <datafield tag="041" ind1=" " ind2=" ">
    <subfield code="a">spa</subfield>
  </datafield>
  <datafield tag="092" ind1=" " ind2=" ">
    <subfield code="c">808</subfield>
    <subfield code="l">2</subfield>
    <subfield code="s">AGO</subfield>
  </datafield>
  <datafield tag="245" ind1=" " ind2=" ">
    <subfield code="a">N&#xF3;mades de sal.</subfield>
    <subfield code="b">Textos po&#xE9;ticos /</subfield>
    <subfield code="c">Mirta Agostino</subfield>
  </datafield>
  <datafield tag="250" ind1=" " ind2=" ">
    <subfield code="a">1a ed.</subfield>
  </datafield>
  <datafield tag="260" ind1=" " ind2=" ">
    <subfield code="a">Neuqu&#xE9;n:</subfield>
    <subfield code="b">EDUCO;</subfield>
    <subfield code="c">2008.</subfield>
  </datafield>
  <datafield tag="300" ind1=" " ind2=" ">
    <subfield code="a">86 p.</subfield>
  </datafield>
  <datafield tag="500" ind1=" " ind2=" ">
    <subfield code="a">Agostino, M. et al. (2008). N&#xF3;mades de sal. Textos po&#xE9;ticos. (1a ed.). Neuqu&#xE9;n : EDUCO.</subfield>
  </datafield>
  <datafield tag="505" ind1=" " ind2=" ">
    <subfield code="a">Cuatro voces viajan en el tiempo desde la escritura. Cuatro estilos dejan su huella desde or&#xED;genes y generaciones diferentes. Algo liga los distintos matices de una tonalidad, que otrora fue lecho de arena y agua salada: la &#xE9;poca, la condici&#xF3;n de g&#xE9;nero, el hacer desde la Patagonia. </subfield>
  </datafield>
  <datafield tag="655" ind1=" " ind2=" ">
    <subfield code="a">Literatura</subfield>
    <subfield code="9">2917</subfield>
  </datafield>
  <datafield tag="700" ind1="1" ind2=" ">
    <subfield code="a">Agostino, Mirta.</subfield>
    <subfield code="9">4278</subfield>
  </datafield>
  <datafield tag="700" ind1="1" ind2=" ">
    <subfield code="a">Cohen Williams, Ver&#xF3;nica. </subfield>
    <subfield code="9">4279</subfield>
  </datafield>
  <datafield tag="700" ind1="1" ind2=" ">
    <subfield code="a">Montes Le Forte, Liliana.</subfield>
    <subfield code="9">4280</subfield>
  </datafield>
  <datafield tag="700" ind1="1" ind2=" ">
    <subfield code="a">Nieto, Cristina.</subfield>
    <subfield code="9">4281</subfield>
  </datafield>
  <datafield tag="942" ind1=" " ind2=" ">
    <subfield code="2">ddc</subfield>
    <subfield code="c">LIT</subfield>
  </datafield>
  <datafield tag="999" ind1=" " ind2=" ">
    <subfield code="c">3225</subfield>
    <subfield code="d">3225</subfield>
  </datafield>
  <datafield tag="952" ind1=" " ind2=" ">
    <subfield code="0">0</subfield>
    <subfield code="1">0</subfield>
    <subfield code="2">ddc</subfield>
    <subfield code="4">0</subfield>
    <subfield code="7">0</subfield>
    <subfield code="a">BFM</subfield>
    <subfield code="b">BFM</subfield>
    <subfield code="c">CR</subfield>
    <subfield code="d">2024-12-12</subfield>
    <subfield code="e">Donaci&#xF3;n Diciembre 2024. Sede Tordos.</subfield>
    <subfield code="l">0</subfield>
    <subfield code="o">808 2 AGO</subfield>
    <subfield code="p">4966</subfield>
    <subfield code="r">2024-12-12</subfield>
    <subfield code="t">Ej.1</subfield>
    <subfield code="w">2024-12-12</subfield>
    <subfield code="y">LIT</subfield>
    <subfield code="z">Donaci&#xF3;n Diciembre 2024. Sede Tordos.</subfield>
    <subfield code="f"></subfield>
  </datafield>
</record>
